Регионална библиотека "Любен Каравелов" - Русе

Капиталът (Запис номер 7198)

MARC детайли
000 -Лидер
Контролно поле с фиксирана дължина nam a22 a 4500
003 - Код на организацията, давaща контролен номер
Контролно поле BLK
005 - Дата и час на последна редакция
Контролно поле 20221129163857.0
008 - Елементи от данни с фиксирана дължина
fixed length control field 180412b bul|||||r ||||||| ||bul||
040 ## - Източник на каталожния запис
Идентификатор на билиотеката - собственик на записа BLK
041 ## - Код за език
Код за езика на текст/звукозапис или на отделно заглавие Български
Код за езика КДБФ Български
080 ## - УДК
Текстов определител УДК Марксистко-ленинско икономическо учение. Вж и 141.8
УДК код - определител по УДК 330.85
УДК - код + определител 330.85
080 ## - УДК
Текстов определител УДК Теории на капитала. Понятие
УДК код - определител по УДК 330.14.01
УДК определител :330.85
УДК - код + определител 330.14.01:330.85
080 ## - УДК
Текстов определител УДК Икономически науки в цялост. Политическа икономия. Вж и 338 ; 65
УДК код - определител по УДК 330
УДК - код + определител 330
080 ## - УДК
Текстов определител УДК Марксизъм-ленинизъм. Научен комунизъм
УДК код - определител по УДК 141.82
УДК - код + определител 141.82
100 1# - Редна дума - Автор
Автор Маркс, Карл
Авторска отговорност първи автор
R(LIN) 248944
139 ## - Редно поле
Редна дума Маркс, Карл
245 10 - Сведения за заглавието
Заглавие Капиталът
Подзаглавни данни Критика на полит. икономия : Т. 1 -
Редно поле (дума) Карл Маркс; прев. от рус. на том Филип Гинев.
Том Т. 2. Кн. 2
Заглавие на том Процесът на обръщението на капитала
250 ## - Област на изданието
Сведения за изданието 3. изд.
257 ## - Страна на издаване
Страна на създаване/издаване Германия
260 ## - Област на издателските данни
Място на издаване, разпространение и проч. София
Име на издателя, разпространителя и проч. Партиздат
Година на издаване 1979 -
300 ## - Физическа характеристика
Размери/Мащаб 22 см
380 ## - Жанр
Жанр Обществени науки
500 ## - Общи забележки
Забележка Прев. по Капитал : Критика политической экономии ; Ориг. загл. Das Kapital : Kritik der politischen Okonomie.
504 ## - Забележка за наличие на библиография и др
Забележка за наличие на библиография и под. 565-571
650 #4 - Допълнително описание по предмет – тема
Основно описание – тема или топоним Марксизъм-ленинизъм - икономически учения
9 (RLIN) 248945
650 #4 - Допълнително описание по предмет – тема
Основно описание – тема или топоним Политическа икономия
9 (RLIN) 248946
650 #4 - Допълнително описание по предмет – тема
Основно описание – тема или топоним Икономически теории
9 (RLIN) 252309
650 #4 - Допълнително описание по предмет – тема
Основно описание – тема или топоним Капитал
9 (RLIN) 158220
653 ## - Ключова дума – ненормативна
Ключова дума капитал
653 ## - Ключова дума – ненормативна
Ключова дума марксизъм
653 ## - Ключова дума – ненормативна
Ключова дума политическа икономия
653 ## - Ключова дума – ненормативна
Ключова дума икономически теории
700 1# - Други автори (авторска отговорност)
Лично име Гинев, Филип
Автороска отговорност (Описва отношението между автора и произведението) прев. от рус. на том
9 (RLIN) 250571
760 1# - Описание на основната серия
Редна дума на основното описание Маркс, Карл
Издание 3. изд.
Място на издаване, издател и година София, 1979
Страници - том 600 с. : с факс.
Забележка - том 1. изд. на т. 2 на печ. Радикал в прев. на Ж. Иванов 1931. - 1. ново изд. 1954 на изд. БКП, прев. от рус. изд. - 10 100 тир. - Именен и предм. показалци. - Библиогр. с. 565-571.
Част - том Т. 2. Кн. 2 Процесът на обръщението на капитала
Заглавие Капиталът
852 ## - Местоположение
Форматна сигнатура Цб 100581
Фондова буква Хранилище
999 ## - СИСТЕМНИ КОНТРОЛНИ НОМЕРА
Koha biblionumber 7198
Koha biblioitemnumber 7198
942 ## - АРТИКУЛИ
Вид на библиотечния материал Книги
Скрит в OPAC Не
Периодичен библиозапис Да
944 ## - СЪЗДАВАНЕ И РЕДАКЦИЯ на ЗАПИСА
Създаване/Редакция Създаване
Статус, дата на статуса ф /
Служител, извършил регистрацията/редакцията Людмила_Стоянова
944 ## - СЪЗДАВАНЕ И РЕДАКЦИЯ на ЗАПИСА
Създаване/Редакция Редакция
Дата на регистрацията/редакция 2022-11-29
Наличности
Код за отписване Код за изгубен артикул Източник на класификационната схема Код за повреда Коз за рестрикции Код за отдаване Артикулен № Име на библиотеката - собственик Име на библиотеката, в която се намира в момента Статус (Текущо местоположение) Дата на вписване в системата Местоположение - отдел Цена в лева Инвентарен номер Систематично азбучна сигнатура Баркод Номер на екземпляра Цена в евро Служебна бележка Служебен тип на артикула
  Не е изгубен Universal Decimal Classification Не е повреден без рестрикции ползва се в читалня 12459 Регионална библиотека "Любен Каравелов" Русе Регионална библиотека "Любен Каравелов" Русе Хранилище 1979-01-01 Хранилище 0.00 285103 Цб 100581 120000285103 1 0.00 Дост: Dp Вид: Д N: стар фонд Дата: 01.01.1979 Книги
Vip Innovations Ltd, Rousse, Bulgaria 2025